000 00842nam a2200265 i 4500
001 000017384
003 DO-SdBNP
005 20250130142823.0
007 ta
008 100324s1973 dr a 000 0 spa d
040 _aDO-SdBNP
_bspa
_cBNPHU
_erda
082 _axxx
_bH557c
_222
100 1 _aHernández Franco, Tomás
_d1901-1952
_938064
_eautor
_4aut.
245 1 0 _aCibao :
_bnarraciones /
_cTomás Hernández Franco.
260 _bTaller,
_c1973.
264 1 _aSanto Domingo :
_bEdiciones Sárgazo,
_c1973.
300 _a94 páginas
_bilustraciones ;
_c22 cm.
336 _atexto
_btxt
_2rdacontent
337 _asin mediación
_bn
_2rdamedia
338 _avolumen
_bnc
_2rdacarrier
500 _aIncluye datos biográficos del autor en la contracubierta.
590 _aInventariado, 2025/ YL
910 _aYLockward
942 _2ddc
_cLBS1
999 _c16909
_d16909